Transfers Bundesliga - Statistiken

Allgemein
  • Dieses Quiz wurde 253 mal gespielt
    44 seit der letzten Aktualisierung
  • Das Durchschnittsergebnis liegt bei 22 aus 27
Antwortstatistiken
Von Zu Jahr Ablösesumme Spieler % Korrekt
Tottenham Hotspur FC Bayern München 2023 95,00 Mio.€ Harry Kane
100%
Borussia Dortmund Real Madrid 2023 113,00 Mio. € Jude Bellingham
97%
RB Leipzig Manchester City 2023 90,00 Mio. € Josko Gvardiol
94%
Borussia Dortmund FC Barcelona 2017 135,00 Mio. € Ousmane Dembélé
94%
Eintracht Frankfurt Paris Saint-Germain 2023 95,00 Mio. € Randal Kolo Muani
94%
Borussia Dortmund Manchester United 2021 85,00 Mio. € Jadon Sancho
91%
FC Schalke 04 Manchester City 2016 52,00 Mio. € Leroy Sané
91%
Bayer 04 Leverkusen FC Chelsea 2020 80,00 Mio. € Kai Havertz
88%
VfL Wolfsburg Manchester City 2015 76,00 Mio. € Kevin de Bruyne
88%
RB Leipzig FC Barcelona 2024 55,00 Mio. € Dani Olmo
85%
SSC Napoli FC Bayern München 2023 50,00 Mio. € Min-jae Kim
85%
RB Leipzig FC Liverpool 2023 70,00 Mio. € Dominik Szoboszlai
82%
Atletico Madrid FC Bayern München 2019 80,00 Mio. € Lucas Hernández
82%
Eintracht Frankfurt Real Madrid 2019 63,00 Mio. € Luka Jović
82%
Borussia Dortmund Manchester City 2022 60,00 Mio. € Erling Haaland
79%
Fulham FC Bayern München 2024 51,00 Mio. € João Palhinha
79%
Crystal Palace FC Bayern München 2024 53,00 Mio. € Michael Olise
79%
Eintracht Frankfurt Manchester City 2025 75,00 Mio. € Omar Marmoush
79%
RB Leipzig FC Chelsea 2023 60,00 Mio. € Christopher Nkunku
76%
Juventus Turin FC Bayern München 2022 67,00 Mio. € Matthijs de Ligt
76%
Borussia Dortmund FC Arsenal 2017 63,75 Mio. € Pierre-Emerick Aubameyang
76%
Eintracht Frankfurt West Ham United 2019 50,00 Mio. € Sébastien Haller
74%
RB Leipzig FC Chelsea 2020 53,00 Mio. € Timo Werner
74%
RB Leipzig FC Liverpool 2018 60,00 Mio. € Naby Keïta
71%
Paris Saint-Germain RB Leipzig 2025 50,00 Mio. € Xavi Simons
71%
Borussia Dortmund FC Chelsea 2018 64,00 Mio. € Christian Pulisic
62%
Bayer 04 Leverkusen Aston Villa 2023 55,00 Mio. € Moussa Diaby
59%
Keine übereinstimmenden Quizze gefunden
Verteilung der Resultate
Anzahl Personen mit jedem Resultat
Perzentil nach korrekt beantworteten Fragen
Ihre Resultats-Entwicklung
Sie haben dieses Quiz seit der letzten Aktualisierung nicht gespielt